Responses for Show #1752 - Tuesday, March 24, 1992

Robert Slaven game 1.

Contestants

[<< previous game]

Lynn Carpenter, a personnel specialist from San Antonio, Texas

Robert Slaven, an office automation specialist from Yellowknife, Northwest Territories

Thom Stark, a senior research analyst from El Cerrito, California (whose 2-day cash winnings total $27,401)

[next game >>]

Jeopardy! Round responses

THE 1950s
KATHARINE HEPBURN
MAGAZINES
NICKNAMES
SALAD DAYS
4-LETTER WORDS
    $100 15
Nikita Khrushchev

Robert
    $100 2
On Golden Pond

Robert
    $100 3
The Emmy

Robert
    $100 1
(William Randolph) Hearst

Lynn
    $100 25
coleslaw

Robert
    $100 8
bake sale

Lynn
    $200 16
King James Version

Thom
    $200 9
Coco Chanel

Thom
    $200 4
Time

Robert
    $200 10
Catherine the Great

Thom
    $200 26
potato salad

Thom
    $200 20
wake

Robert
    $300 17
Albert Schweitzer

Lynn
    $300 14
Venice

Thom
    $300 5
(Thom: What is Car & Driver?)
(Robert: What is Road & Track?)

Motor Trend

ThomRobert
Triple Stumper
    $300 11
P.T. Barnum

Thom
    $300 27
walnut

Thom
    $300 21
the make

Thom
    $400 19
(Lynn: Who was Dewey?)

Robert Taft

Lynn
Triple Stumper
    $400 18
B

Robert
    $400 6
Changing Times

Triple Stumper
    $400 12
Joseph McCarthy

Robert
    $400 28
anchovies

Robert
    $400 23
rake

Robert
    $1,200 22
Laika

Thom
    $500 30
The Philadelphia Story

Triple Stumper
    $500 7
of Literature

Triple Stumper
    $500 13
John C. Calhoun

Lynn
    $500 29
romaine

Robert
    $500 24
(Alex: And we have less than a minute to go.)

Jake

Robert

Scores at the first commercial break (after clue 15):

Thom Robert Lynn
$700 $600 $700

Scores at the end of the Jeopardy! Round:

Thom Robert Lynn
$2,900 $3,100 $600

Double Jeopardy! Round responses

BIOLOGY
FOLKLORE
AUTHORS
THE U.N.
COMPUTERESE
WORLD CITIES
    $200 16
cocoons

Thom
    $200 21
sunlight

Thom
    $200 24
Brussels

Lynn
    $200 11
World Health Organization

Robert
    $200 10
printers

Robert
    $200 1
Vancouver

Robert
    $400 20
vein

Robert
    $400 29
(Robert: Who was Casey Jones?)

John Henry

ThomRobert
    $400 25
Spain

Robert
    $400 12
1

Robert
    $400 9
enter

Robert
    $400 2
Coventry

Lynn
    $600 19
colony

Robert
    $1,500 30
The Fates

Thom
    $600 26
Edgar Rice Burroughs

Robert
    $600 13
(Lynn: What is October?)

September

Lynn
Triple Stumper
    $600 8
byte

Robert
    $600 3
Sao Paulo

Robert
    $800 18
cilia

Thom
    $800 23
Lorelei

Lynn
    $1,500 27
(Robert: No idea.)

Bret Harte

Robert
    $800 14
French

Thom
    $800 7
disk operating system

Thom
    $800 4
Darwin

Robert
    $1000 17
(Thom: What is the antennae?)

wing

Thom
Triple Stumper
    $1000 22
Bluebeard

Thom
    $1000 28
Willa Cather

Lynn
    $1000 15
(Alex: Byelorussia was the other.)

Ukraine

Robert
    $1000 6
macro

Robert
    $1000 5
Kinshasa

Thom

Scores at the end of the Double Jeopardy! Round:

Thom Robert Lynn
$8,600 $8,600 $2,400

[wagering suggestions for these scores]

Final Jeopardy! Round responses

OPERETTAS
[Robert’s response was revealed before Thom’s.]
LynnWhat is "The Merry Widow"?
$0
RobertWhat is Merry Widow?
$8,600
ThomWhat is The Merry Widow
$0
"The Merry Widow"

Final scores:

Thom Robert Lynn
$8,600 $17,200 $2,400
2nd place: General Instrument satellite TV system & Sanyo 26" stereo TV New champion: $17,200 3rd place: Nemesis Igo Dojo handheld electronic Go game

Game dynamics:

Coryat scores:

Thom Robert Lynn
$7,000 $10,100 $2,400
18 R
(including 2 DDs),
2 W
26 R,
3 W
(including 1 DD)
8 R,
2 W

Combined Coryat: $19,500

[game clues] [game scores] [suggest correction]

Game tape date: 1991-12-09
The J! Archive is created by fans, for fans. Scraping, republication, monetization, and malicious use prohibited; this site may use cookies and collect identifying information. See terms. The Jeopardy! game show and all elements thereof, including but not limited to copyright and trademark thereto, are the property of Jeopardy Productions, Inc. and are protected under law. This website is not affiliated with, sponsored by, or operated by Jeopardy Productions, Inc. Join the discussion at JBoard.tv.